Applied Multivariate Statistical Analysis: (Record no. 758009)
[ view plain ]
| 000 -LEADER | |
|---|---|
| fixed length control field | 00466nam a22001457a 4500 |
| 020 ## - INTERNATIONAL STANDARD BOOK NUMBER | |
| ISBN | 9781647268848 |
| 082 ## - DEWEY DECIMAL CLASSIFICATION NUMBER | |
| Classification number | 519.535 |
| Item number | NAN.A V.3 |
| 100 ## - MAIN ENTRY--AUTHOR NAME | |
| Personal name | Maxwell,Nancy |
| 245 ## - TITLE STATEMENT | |
| Title | Applied Multivariate Statistical Analysis: |
| Sub Title | Volume 3 |
| Statement of responsibility, etc | Nancy Maxwell |
| 260 ## - PUBLICATION, DISTRIBUTION, ETC. (IMPRINT) | |
| Place of publication | NewYork |
| Name of publisher | Clanrye International |
| Year of publication | 2025 |
| 300 ## - PHYSICAL DESCRIPTION | |
| Number of Pages | 203p. |
| 650 ## - SUBJECT ADDED ENTRY--TOPICAL TERM | |
| Topical Term | Analysing the Probability Distributions of Eigenvalues and Eigenvectors |
| 942 ## - ADDED ENTRY ELEMENTS (KOHA) | |
| Source of classification or shelving scheme | Dewey Decimal Classification |
| Koha item type | Book |
| Withdrawn status | Lost status | Source of classification or shelving scheme | Damaged status | Not for loan | Home Library | Current Location | Date acquired | Full call number | Accession Number | Price effective from | Koha item type |
|---|---|---|---|---|---|---|---|---|---|---|---|
| Dewey Decimal Classification | Dept. of Statistics | Dept. of Statistics | 23/03/2026 | 519.535 NAN.A V.3 | STA10924 | 23/03/2026 | Book |
